Catalog

Record Details

Catalog Search



Mezinárodní konference Demokratická revoluce v Československu 1989 - předpoklady, průběh a bezprostřední výsledky (Praha 14.-16. října 1999) : studijní materiály. Seš. 2, Bibliografie k dějinám Československa 1969-1990 / zpracovaly Věra Břeňová a Slavěna Rohlíková

Record details

  • ISBN: 80-85270-89-7 (Ústav pro soudobé dějiny AV ČR : brož.)
  • Physical Description: 136 s. ; 21 cm
  • Edition: 1. vyd.
  • Publisher: Praha : Československé dokumentační středisko : 1999

Content descriptions

General Note:
Podnázev části: výběr knih, sborníků a článků vydaných v ČR v letech 1990-1999
300 výt.
Bibliography, etc. Note:
Obsahuje soupis citovaných časopisů, sborníků a novin
Rejstříky

Available copies

  • 1 of 1 copy available at Common Catalog SPOK.

Holds

  • 0 current holds with 1 total copy.
Show Only Available Copies
Location Call Number / Copy Notes Barcode Shelving Location Status Due Date
Terezin Initiative Institute 2628 4594302628 Knihovna ITI Available -

LDR 01841nam a2200421 a 4500
00126383
003CZ-PrJAB
00520220902162401.0
008991116s1999 xr grb 101 0 cze
015 . ‡acnb000770547
020 . ‡a80-85270-89-7 (Ústav pro soudobé dějiny AV ČR : brož.)
035 . ‡a(CONS)1194
035 . ‡a(CZ PrSKC)cpk19990770547
035 . ‡a(OCoLC)84981581
040 . ‡aABA001 ‡bcze
080 . ‡a94(437)"1969/1989" ‡2MRF
080 . ‡a016 ‡2MRF
1001 . ‡aBřeňová, Věra, ‡d1935- ‡7jk01020009 ‡4aut
24510. ‡aMezinárodní konference Demokratická revoluce v Československu 1989 - předpoklady, průběh a bezprostřední výsledky (Praha 14.-16. října 1999) : ‡bstudijní materiály. ‡nSeš. 2, ‡pBibliografie k dějinám Československa 1969-1990 / ‡czpracovaly Věra Břeňová a Slavěna Rohlíková
24630. ‡aBibliografie k dějinám Československa 1969-1990
24633. ‡aDemokratická revoluce v Čekoslovensku 1989
250 . ‡a1. vyd.
260 . ‡aPraha : ‡bČeskoslovenské dokumentační středisko : ‡bÚstav pro soudobé dějiny AV ČR, ‡c1999
300 . ‡a136 s. ; ‡c21 cm
500 . ‡aPodnázev části: výběr knih, sborníků a článků vydaných v ČR v letech 1990-1999
500 . ‡a300 výt.
504 . ‡aObsahuje soupis citovaných časopisů, sborníků a novin
504 . ‡aRejstříky
7001 . ‡aRohlíková, Slavěna, ‡d1949- ‡7mzk2005309000 ‡4aut
8524 . ‡bJACH-ITI ‡bJACH-ITI ‡cKnihovna ITI ‡j2628 ‡p2628 ‡y$0.00
910 . ‡aABE340 ‡b2628
995 . ‡askok
901 . ‡a26383 ‡bISxN ‡c26383 ‡tbiblio

Additional Resources